Školní atlas československých dějin : Příloha /

Další autoři: Cafourek, Petr
Jazyk: Čeština
Vydáno: Praha : Kartografie, 1976
Vydání: 3. vyd.
Témata:
Fyzický popis: 4 s. : s. 45-52 barev. mp. ; 4°
Knihy
Uloženo v:
LEADER 00830nam a2200253 a 4500
001 000534046
003 CZ BrMZK
005 20000105143423.0
007 ta
008 970320s1976 xr f cze d
015 |a cnb000471942 
035 |a (OCoLC)42094751 
040 |a BOA001  |b cze 
080 |a 943.7(084.4)(075)(0.08)  |2 MRF 
245 0 0 |a Školní atlas československých dějin :  |b Příloha /  |c odp. red. Petr Cafourek 
250 |a 3. vyd. 
260 |a Praha :  |b Kartografie,  |c 1976 
300 |a 4 s. :  |b s. 45-52 barev. mp. ;  |c 4° 
500 |a Výt. 200001-271000 
700 1 |a Cafourek, Petr  |7 jk01020515  |4 lso 
910 |a BOA001  |b 4-0730.089-76 
964 |a ČSSR - dějiny - atlasy školní - přílohy 
990 |a BK 
996 6 |b 2619740062  |c 4-0730.089-76  |l MZK  |r Sklad / do 1 hodiny  |n 0  |w 000534046  |u 000010  |a 1  |e BOA001  |j MZK50  |s P